| 000 | 02714cam a22006854i 4500 | ||
|---|---|---|---|
| 001 | u36003 | ||
| 003 | PE-LiUPU | ||
| 005 | 20250731170438.0 | ||
| 008 | 171024s2001 ag a rb 000 0 spa d | ||
| 020 | _a9879152115 | ||
| 030 | _a9789879152119 | ||
| 035 | _a(Sirsi) i9789879152119 | ||
| 040 |
_aPE-LiUPU _bspa _cPE-LiUPU _dPE-LiUPU _erda |
||
| 049 | _aPRUA | ||
| 082 | 0 | 4 |
_a152.42 _bP45 _221 |
| 100 | 1 |
_aPereyra, Mario, _eautor. |
|
| 245 | 1 | 0 |
_aPsicología cristiana de la alegría / _cMario Pereyra. |
| 264 | 1 |
_aBuenos Aires, Argentina : _bPsicoteca Editorial, _c2001. |
|
| 300 |
_a112 páginas : _bilustraciones ; _c22 centímetros |
||
| 336 |
_atext _2rdacontent |
||
| 337 |
_aunmediated _2rdamedia |
||
| 338 |
_avolume _2rdacarrier |
||
| 504 | _aIncluye referencias bibliográficas al final de cada capítulo. | ||
| 505 | 0 | _aComo enfrentar la adversidad y la ofensa -- Como apaciguar la ansiedad y la depresión -- Como vencer el rencor y la furia -- Cómo liberarse de los celos y de la envidia -- Cómo lograr una vida más alegre. | |
| 526 | _aSEG68 | ||
| 526 | _aSEG70 | ||
| 526 | _aSEG69 | ||
| 526 | _aSEG67 | ||
| 526 | _aSEG43 | ||
| 526 | _aP144 | ||
| 526 | _aP143 | ||
| 526 | _aP131 | ||
| 526 | _aP122 | ||
| 526 | _aP120 | ||
| 526 | _aP117 | ||
| 526 | _aP112 | ||
| 526 | _aP110 | ||
| 526 | _aP106 | ||
| 526 | _aP101 | ||
| 526 | _aP80 | ||
| 526 | _aP59 | ||
| 526 | _aP54 | ||
| 526 | _aP35 | ||
| 526 | _aP33 | ||
| 526 | _aP30 | ||
| 541 | _g00000371; | ||
| 596 | _a1 2 | ||
| 650 | 0 | 4 |
_aAlegría _vCristianismo. |
| 650 | 0 | 4 | _aEmociones. |
| 910 |
_cjcv _d20171024 |
||
| 942 |
_2ddc _cBOOK |
||
| 949 |
_a152.42 P45 _wDEWEY _c1 _i1000253 _lCCODEBUJ1 _mBUJ _r0 _sY _tBOOK _u2015-9-30 _xSALUD _PP33 _o.STAFF. Colección General |
||
| 949 |
_a152.42 P45 _wDEWEY _c1 _i53945 _f2018-2-11 _g2 _lCCODEBUL1 _mBUL _p6.00 _r0 _sY _tBOOK _u2015-6-25 _xSALUD _PP35 _0COMPRA _o.STAFF. Colección Ciencias de la Salud |
||
| 949 |
_a152.42 P45 _wDEWEY _c1 _iFT03385 _lCCODEBUT1 _mBUT _p10.00 _r0 _sY _tBOOK _u2017-10-24 _xSALUD _PP33 _0DONACION |
||
| 949 |
_a152.42 P45 _wDEWEY _c2 _i1004488 _lCCODEBUJ1 _mBUJ _p20.00 _r0 _sY _tBOOK _u2015-10-6 _xEDUCACION _PP14 _0COMPRA _o.STAFF. Colección General |
||
| 994 |
_aC0 _bPEPRU |
||
| 999 |
_a152.42 P45 _wDEWEY _c44029 _i53945 _d44029 _e2019-6-3 _f2021-11-3 _g5 _lCCODEBUL1 _mBUL _n4 _p6.00 _r0 _sY _tBOOK _u2015-6-25 _xSALUD _zP35 _0COMPRA _o.STAFF. Colección Ciencias de la Salud |
||
| 999 |
_a152.42 P45 _wDEWEY _c1 _iFT03385 _d2022-7-5 _e2022-6-27 _f2019-2-20 _g1 _lCCODEBUT1 _mBUT _n3 _p10.00 _r0 _sY _tBOOK _u2017-10-24 _xSALUD _PP33 _0DONACION |
||
| 980 |
_81 _gALBERTO SANCHEZ Responsable de Automatización |
||